| 000 | 00761nam a2200229 i 4500 | ||
|---|---|---|---|
| 001 | C2-0309263 | ||
| 003 | PPAK | ||
| 005 | 20180728100255.0 | ||
| 008 | 110526s io |||| ||||| | may d | ||
| 040 |
_aPPAK _beng _cPPAK _erda |
||
| 082 | 0 | 4 |
_a301.44430959 _223 |
| 090 | 0 | 0 |
_a301.44430959 _bSCO _dKMI |
| 100 | 1 |
_aScott, James C., _eauthor |
|
| 245 | 1 | 0 |
_aMoral ekonomi petani : _bpergolakan dan subsistensi di Asia Tenggara |
| 264 | 1 |
_aJakarta, Indonesia : _bLP3ES , |
|
| 300 |
_aviii, 369 pages ; _c22 cm |
||
| 336 |
_2rdacontent _atext |
||
| 337 |
_2rdamedia _aunmediated |
||
| 338 |
_2rdacarrier _avolume |
||
| 650 | 1 | 0 | _aAgriculture economic aspects - Southeast Asia. ; Peasantry - Southeast Asia. ; Southeast Asia - Rural conditions. |
| 942 |
_ddc _cB |
||
| 999 |
_c111807 _d111807 |
||